| 000 | 00373nam a22001577a 4500 | ||
|---|---|---|---|
| 003 | OSt | ||
| 005 | 20240322113324.0 | ||
| 008 | 170731b xxu||||| |||| 00| 0 eng d | ||
| 020 | _a978-1108420419 | ||
| 040 | _cSEROSOFT | ||
| 100 | _aGRIFFITHS,DAVID J | ||
| 245 | _aINTRODUCTION TO ELECTRODYNAMICS | ||
| 260 |
_aDELHI _bPHI _c1999 |
||
| 300 | _a576 | ||
| 942 |
_2ddc _c03 _e3RD |
||
| 999 |
_c36007 _d36007 |
||